| 000 | 00351nam a22001457a 4500 | ||
|---|---|---|---|
| 003 | SGT | ||
| 020 | _a9788173197390 | ||
| 082 | _a624,HAS | ||
| 100 | _aHASAN SYED DINESH | ||
| 245 | _aCIVIL ENGINEERING MATERIALS & THEIR TESTING | ||
| 260 |
_aNEW DELHI _bNAROSA PUB. HOUSE _c2006 |
||
| 300 | _a124 | ||
| 650 | _aCIVIL ENGINEERING | ||
| 942 |
_2ddc _cBK |
||
| 999 |
_c24908 _d24908 |
||